000 00619nam a2200241Ia 4500
003 OSt
005 20220924132254.0
006 a|||||r|||| 00| 0
007 ta
008 220923b |||||||| |||| 00| 0 san d
024 _a40097
037 _cTextual
040 _aARTS
_cARTS
_bsan
041 _2san
_asan
082 _aO15,1D61x, 152K7
100 _aBhartrihari
245 0 _aShktake
260 _c1967
650 _aSANSKRIT LITERATURE
700 _a Gupta Gopaldas Tr.
_9204073
942 _hO15,1D61x, 152K7
_cTEXL
_2CC
999 _c429870
_d429870